| 000 | 03767nkm0a2200553 4500 | ||
|---|---|---|---|
| 001 | RU\NLR\BIBL_A\022645771 | ||
| 005 | 20251127233545.0 | ||
| 035 | _a(NLR Aleph) 022645771 | ||
| 090 |
_a88928 _c88928 |
||
| 100 | _a20251016d1930 u y0rusy50 ca | ||
| 101 | 0 |
_arus _afre |
|
| 102 | _aRU | ||
| 116 | _adiybxx zz ae | ||
| 135 | _acrcn 024anaba | ||
| 181 | 0 |
_ab4 _bxb2e |
|
| 182 | 0 | _an | |
| 200 | 1 |
_aДагестан _iГорное селение Карата (народность - каратаи). Каменные постройки расположены на склоне горы уступами. Рядом с селением - пахотные поля _eоткрытое письмо |
|
| 203 |
_aИзображение _bнеподвижное _bдвухмерное _bвизуальное _cнепосредственное |
||
| 210 |
_a[Ленинград] _cиздание Государственного Русского музея _d[1930?] _eЛнгр. [Ленинград] _gГос. тип. им. Ивана Федорова |
||
| 215 |
_a1 л. _cфототип. _d9,1х13,9 |
||
| 300 | _aЗагл. также на фр. яз.: Daguestan. Village montagnard "Kharata" dont les maisons en pierre sont situées sur la côte d'une montagne près des champs | ||
| 300 | _aЦенз. разрешение: Ленинградский Областлит № 32259 | ||
| 316 |
_aЭкз. РНБ на шифре Э ОТ63/Д140, Э184308: на адрес. стороне владел. штемпель: "Н. Тагрин 1936 г." _5NLR: Э ОТ63/Д140 |
||
| 325 | _aКопия доступна в Электрон. б-ке РНБ | ||
| 517 | 1 |
_aDaguestan. Village montagnard "Kharata" dont les maisons en pierre sont situées sur la côte d'une montagne près des champs _zfre |
|
| 606 | 1 |
_aПочтовые открытки маркированные художественные _yСССР _z1917 - 1941 _2nlr_sh2 _3RU\NLR\AUTH\6601555037 |
|
| 606 | 1 |
_aФотографические открытки _2nlr_sh2 _3RU\NLR\AUTH\661600135 |
|
| 607 |
_aКарата, село (Дагестан) _jОткрытки _2nlr_sh2 _3RU\NLR\AUTH\6601694574 |
||
| 610 | 1 | _aВидовые открытки | |
| 617 |
_aСССР _bДагестанская АССР _dКарата, селение |
||
| 686 | 0 | _aЩ153(2)7-489 | |
| 702 | 1 |
_aТагрин _bН.С. _f1907-1981 _gНиколай Спиридонович _5NLR: Э ОТ63/Д140, Э184308 _3RU\NLR\AUTH\770134354 _4390 |
|
| 712 | 0 | 2 |
_aРусский музей _cЛенинград _3RU\NLR\AUTH\883707 _4650 |
| 712 | 0 | 2 |
_aТипография им. Ивана Федорова _cЛенинград _3RU\NLR\AUTH\880563312 _4610 |
| 830 | _aОткрытка датирована по экз. РНБ на шифре Э ОТ63/Д140, инв.66538: на адресной стороне штамп, содержащий год поступления в РНБ: Г.П.Б-ка обяз. экз. Лнгр 1930 г. Акт №. АЯ ОЭФ | ||
| 852 | 0 | 0 |
_aNLR _bЭ _jОТ63/Д140 _mинв.66538 |
| 852 | 0 | 0 |
_aNLR _bЭ _jОТ63/Д140 _mЭ184308 |
| 856 | 0 | _uhttps://vivaldi.nlr.ru/lo000072292/view | |
| 856 | 1 | _uhttps://vivaldi.nlr.ru/lo000072292/cover | |
| 856 | 2 | _uhttps://vivaldi.nlr.ru/lo000072292/text | |
| 901 | _eИзографические материалы | ||
| 942 | _cVISUAL | ||
| 945 | _aРоссийская национальная библиотека | ||
| 980 | _aBV | ||
| 980 | _aNB | ||
| 981 | 1 | 7 |
_a(17) Изографические материалы _b(17) Открытки |